Clasificación Histórica de la Liga Española - Estadísticas

Estadísticas generales
  • Esta prueba ha sido intentada 652 veces
  • La puntuación promedio es 40 de 63
Estadísticas de respuestas
Posición
Histórica
Puntos
Número de
Temporadas
Respuesta % Correcto
1 4864 92 Real Madrid
99%
2 4764 92 Fútbol Club Barcelona
99%
5 3667 92 Athletic Club de Bilbao
98%
3 3901 86 Club Atlético de Madrid
98%
6 3202 79 Sevilla Fútbol Club
98%
4 3706 88 Valencia Club de Fútbol
98%
9 2222 57 Real Betis Balompié
94%
12 1843 46 Real Club Deportivo de La Coruña
91%
8 2923 76 Real Sociedad de Fútbol
91%
11 2058 57 Real Club Celta de Vigo
90%
17 1316 23 Villarreal Club de Fútbol
87%
21 840 18 Getafe Club de Fútbol
84%
7 2998 87 Real Club Deportivo Espanyol
83%
47 137 3 Girona Futbol Club
83%
10 2109 58 Real Zaragoza
83%
28 540 20 Club Deportivo Málaga
82%
23 791 17 Málaga Club de Fútbol
82%
16 1389 42 Real Sporting de Gijón
82%
24 785 20 Rayo Vallecano de Madrid
79%
22 807 26 Granada Club de Fútbol
79%
27 626 17 Deportivo Alavés
78%
57 52 2 Agrupación Deportiva Almería
78%
18 1270 30 Real Club Deportivo Mallorca
78%
20 1042 34 Unión Deportiva Las Palmas
78%
38 280 7 Unión Deportiva Almería
78%
44 159 4 Club Deportivo Leganés
77%
19 1174 38 Real Oviedo
77%
31 466 15 Cádiz Club de Fútbol
75%
14 1544 41 Club Atlético Osasuna
75%
13 1625 46 Real Valladolid Club de Fútbol
73%
15 1415 44 Real Racing Club de Santander
72%
30 510 13 Club Deportivo Tenerife
70%
42 188 5 Real Club Recreativo de Huelva
67%
40 230 9 Córdoba Club de Fútbol
65%
35 302 7 Sociedad Deportiva Eibar
64%
55 67 2 Sociedad Deportiva Huesca
64%
25 709 24 Elche Club de Fútbol
64%
26 631 16 Levante Unión Deportiva
63%
39 257 7 Albacete Balompié
53%
29 538 20 Hércules de Alicante Club de Fútbol
53%
43 168 6 Burgos Club de Fútbol
51%
37 285 11 Club Deportivo Castellón
51%
49 96 3 Real Burgos Club de Fútbol
51%
33 377 12 Union Deportiva Salamanca
50%
54 71 3 Real Jaén Club de Fútbol
48%
48 107 7 Arenas Club
40%
60 34 1 Xerez Club Deportivo
39%
56 56 4 Real Unión Club
38%
46 148 4 Club Deportivo Numancia de Soria
37%
59 40 2 Unió Esportiva Lleida
37%
58 42 3 Club Esportiu Europa
36%
51 83 2 Club de Fútbol Extremadura
36%
36 293 9 Club Deportivo Logroñés
36%
63 14 1 Cultural y Deportiva Leonesa
35%
50 91 4 Club Gimnàstic de Tarragona
34%
32 445 18 Real Murcia Club de Fútbol
32%
34 353 14 Centre d'Esports Sabadell Futbol Club
30%
41 190 4 Sociedad Deportiva Compostela
30%
52 81 2 Club Polideportivo Mérida
28%
45 150 6 Pontevedra Club de Fútbol
27%
62 19 1 Club Atlético de Tetuán
21%
53 76 4 Club Deportivo Alcoyano
20%
61 22 1 Club Deportivo Condal
15%
No se encontraron pruebas coincidentes
Distribución de puntuación
Porcentaje de gente con cada puntuación
Porcentaje por número respondido
Historial de tus puntuaciones
No has intentado esta prueba.